Dějiny záložen a ostatního družstevního podnikání na Moravě do roku 1885

Salvato in:
Dettagli Bibliografici
Natura: Libro
Lingua:ceco
Pubblicazione: Praha Centrokooperativ, zväz jednot hospodárskych družstiev republiky Československej 1937
Tags: Aggiungi Tag
Nessun Tag, puoi essere il primo ad aggiungerne!!

MARC

LEADER 00000nam a2200000 4500
001 0307637
005 20250313134007.3
041 0 |a cze 
044 |a CZ 
245 1 0 |a Dějiny záložen a ostatního družstevního podnikání na Moravě do roku 1885  |c František Wenzl 
264 1 |a Praha  |b Centrokooperativ, zväz jednot hospodárskych družstiev republiky Československej  |c 1937